Statistics for Countries in 1890

Click here to take the quiz!

General Stats

  • This quiz has been taken 61 times
  • The average score is 43 of 88

Answer Stats

Country% Correct
Germany
93%
France
89%
Spain
89%
China
87%
Italy
87%
Netherlands
87%
Portugal
87%
Belgium
85%
Japan
85%
Russia
85%
Andorra
81%
Argentina
81%
Brazil
81%
United States
81%
Austria-Hungary
80%
Denmark
80%
Mexico
80%
United Kingdom
80%
Canada
78%
Luxembourg
78%
Ottoman Empire
78%
Bulgaria
76%
Chile
76%
Costa Rica
76%
Greece
76%
Colombia
74%
Ethiopia
74%
Guatemala
74%
Nicaragua
74%
Rumania
74%
San Marino
74%
Peru
72%
Switzerland
72%
Venezuela
72%
Ecuador
70%
Korea
70%
Monaco
70%
Bolivia
69%
El Salvador
69%
Honduras
69%
Liechtenstein
69%
Haiti
67%
Paraguay
67%
Uruguay
67%
Serbia
65%
Liberia
63%
South Africa
63%
Dominican Republic
61%
Siam
61%
Persia
56%
Bhutan
54%
Montenegro
54%
Morocco
54%
Nepal
52%
Sweden - Norway
41%
Congo
35%
Hawaii
26%
Tonga
26%
Samoa
24%
Orange Free State
22%
Ha'il
15%
Benin
13%
Bora Bora
9%
Bornu
7%
Dahomey
7%
Kong
7%
Aro
6%
Ashanti
6%
Kongo
6%
Sokoto
6%
Sulu
6%
Ankole
4%
Futa Jallon
4%
Futa Toro
4%
Baguirmi
2%
Huahine
2%
Janjero
2%
Kaffa
2%
Kenedougou
2%
Koya Temne
2%
Limmu Ennarea
2%
Manipur
2%
Matabeleland
2%
Ouaddai
2%
Toucouleur
2%
Wassoulou
2%
Welayta
2%
Yeke
2%

Score Distribution

Percentile by Number Answered

Percent of People with Each Score

Your Score History

You have not taken this quiz